| 000 | 00376nam a2200157Ia 4500 | ||
|---|---|---|---|
| 008 | 100122s9999 xx 000 0 und d | ||
| 082 |
_b70689 _aBM823 |
||
| 100 | _aTOUCHE GRACE DE LA | ||
| 245 | _aJACK & THE BEANSTALK | ||
| 250 | _a1 | ||
| 260 |
_bGRANDREAMS _c1997 |
||
| 300 | _a20 | ||
| 630 | _aJACK & THE BEANSTALK | ||
| 730 | _aJACK & THE BEANSTALK | ||
| 942 | _cBOOK | ||
| 999 |
_c382190 _d382187 |
||